| 000 | 00495nam a2200145 a 4500 | ||
|---|---|---|---|
| 001 | 000045152 | ||
| 005 | 20201002045924.0 | ||
| 008 | 150205s19uu dr 000 0 spa d | ||
| 040 |
_aDO-SdBNP _bspa _cBNPHU |
||
| 110 | 1 |
_aInstituto Dominicano de Seguros Sociales _937115 |
|
| 245 | 1 | 0 | _aManual para la aplicación de la ley 1896 en los trabajos de inspección. |
| 260 |
_aSanto Domingo : _bIDSS, _c[19uu.]. |
||
| 300 |
_a92 p. ; _c21 cm. |
||
| 710 | 1 |
_aInstituto Dominicano de Seguros Sociales _937115 |
|
| 999 |
_c44641 _d44641 |
||